|
|
|
|
| LEADER |
00000nam0a2200000 4500 |
| 001 |
294924 |
| 005 |
20231102000744.0 |
| 010 |
|
|
|a 9785496000673
|
| 035 |
|
|
|a (RuTPU)RU\TPU\book\320000
|
| 090 |
|
|
|a 294924
|
| 100 |
|
|
|a 20150519d2015 m y0rusy50 ca
|
| 101 |
1 |
|
|a rus
|c eng
|
| 102 |
|
|
|a RU
|
| 105 |
|
|
|a a j 001zy
|
| 200 |
1 |
|
|a Операционный менеджмент
|e учебник
|e пер. с англ.
|f Д. Хейзер, Б. Рендер
|
| 205 |
|
|
|a 10-е изд.
|
| 210 |
|
|
|a Санкт-Петербург
|c Питер
|d 2015
|
| 215 |
|
|
|a 1056 с.
|c ил.
|
| 225 |
1 |
|
|a Классика MBA
|
| 320 |
|
|
|a Библиография в конце глав.
|
| 330 |
|
|
|a Книга известных американских ученых — фундаментальный труд, собравший в себя практически все варианты современных взглядов на совершенствование операционной деятельности компании. Охвачены все значимые уровни обобщений, в первую очередь — стратегические. Книга содержит массу примеров использования всевозможных подходов в различных сочетаниях в компаниях из самых разных отраслей. Многие описанные решения годятся для применения в конкретных компаниях с незначительными коррективами. Вместе с тем, все рецепты, которые можно найти в этом труде для своего бизнеса, невозможно внедрить и использовать в краткие сроки, поэтому материал книги будет осваиваться на практике не один месяц и способствовать постоянному совершенствованию операционной деятельности компании. Книга — и учебник, и справочник, который полезно держать под рукой, поскольку содержит описания большого количества распространенных операционных решений и процедур, позволяющих встраивать предлагаемые решения в деятельность своей компании. Несомненно, это очень ценный труд для руководителей всех уровней. Рекомендовано Советом Минобрнауки РФ по образовательной программе дополнительного профессионального образования "Мастер делового администрирования — Master of Business Administration (MBA)" в качестве учебника для слушателей, обучающихся по программам "Мастер делового администрирования".
|
| 606 |
1 |
|
|a Проектный менеджмент
|2 stltpush
|3 (RuTPU)RU\TPU\subj\69898
|9 84559
|
| 610 |
1 |
|
|a производство
|
| 610 |
1 |
|
|a операции
|
| 610 |
1 |
|
|a операционный менеджмент
|
| 610 |
1 |
|
|a товары
|
| 610 |
1 |
|
|a услуги
|
| 610 |
1 |
|
|a производительность
|
| 610 |
1 |
|
|a операционные технологии
|
| 610 |
1 |
|
|a операционные стратегии
|
| 610 |
1 |
|
|a конкурентные преимущества
|
| 610 |
1 |
|
|a глобальная экономика
|
| 610 |
1 |
|
|a международные стратегии
|
| 610 |
1 |
|
|a проект-менеджмент
|
| 610 |
1 |
|
|a проектный менеджмент
|
| 610 |
1 |
|
|a прогнозирование
|
| 610 |
1 |
|
|a методы
|
| 610 |
1 |
|
|a управление качеством
|
| 610 |
1 |
|
|a технологический контроль
|
| 610 |
1 |
|
|a устойчивое развитие
|
| 610 |
1 |
|
|a производственные технологии
|
| 610 |
1 |
|
|a мощности
|
| 610 |
1 |
|
|a размещение
|
| 610 |
1 |
|
|a предприятия
|
| 610 |
1 |
|
|a планировка
|
| 610 |
1 |
|
|a человеческие ресурсы
|
| 610 |
1 |
|
|a труд
|
| 610 |
1 |
|
|a нормирование
|
| 610 |
1 |
|
|a цепи поставок
|
| 610 |
1 |
|
|a аутсорсинг
|
| 610 |
1 |
|
|a материально-товарные запасы
|
| 610 |
1 |
|
|a совокупное планирование
|
| 610 |
1 |
|
|a бизнес-ресурсы
|
| 610 |
1 |
|
|a календарное планирование
|
| 610 |
1 |
|
|a точно в срок
|
| 610 |
1 |
|
|a минимальные затраты
|
| 610 |
1 |
|
|a JIT
|
| 610 |
1 |
|
|a надежность
|
| 610 |
1 |
|
|a техническое обслуживание
|
| 610 |
1 |
|
|a задачи
|
| 610 |
1 |
|
|a учебники
|
| 686 |
|
|
|a У821я73
|v LBC/SL-A
|2 rubbk
|
| 700 |
|
1 |
|a Хейзер
|b Д.
|g Джей
|
| 701 |
|
1 |
|a Рендер
|b Б.
|g Барри
|
| 801 |
|
1 |
|a RU
|b 63413507
|c 20150519
|
| 801 |
|
2 |
|a RU
|b 63413507
|c 20150918
|g RCR
|
| 900 |
|
|
|a Операционный менеджмент
|
| 942 |
|
|
|c BK
|
| 952 |
|
|
|l 8
|
| 959 |
|
|
|a 72/20150519
|d 3
|e 1890,00
|f ЧЗГЛ:1
|f УФ:2
|